000 00255nam a22001097a 4500
008 170126b xxu||||| |||| 00| 0 eng d
020 _a9781416040927
041 _aeng
080 _210TH
_a61
245 _aTHEM EDICAL ASSISTANT
_cYOUNG, A.P
942 _2udc
_cBK
999 _c3716
_d3716